| 000 | 003830000a22001450004500 | ||
|---|---|---|---|
| 001 | 004322 | ||
| 003 | MACL | ||
| 040 | _aMACL | ||
| 090 |
_c16315 _d16314 |
||
| 100 | _aShastri, J.L. | ||
| 245 |
_aAncient IndianTradition & Mythology Volume 6 Part 1 _bThe Linga Purana Part 2 _cJ.L. Shastri |
||
| 260 |
_aMotilal Banarsidass Publishers, _c1998 |
||
| 650 | _aReligion | ||
| 942 |
_k295 _cBook |
||
| 999 |
_c16213 _d16213 |
||